Organizational change by choice / (Record no. 362898)
[ view plain ]
| 000 -LEADER | |
|---|---|
| fixed length control field | 00426nam a2200133Ia 4500 |
| 008 - FIXED-LENGTH DATA ELEMENTS--GENERAL INFORMATION | |
| fixed length control field | 200110s9999 xx 000 0 und d |
| 020 ## - INTERNATIONAL STANDARD BOOK NUMBER | |
| International Standard Book Number | 0-07-072947-6 |
| 100 ## - MAIN ENTRY--PERSONAL NAME | |
| Personal name | Dunphy, Dexter C. |
| 245 ## - TITLE STATEMENT | |
| Statement of responsibility, etc | Dexter C Dunphy & Robert Dick.-- |
| Title | Organizational change by choice / |
| 260 ## - PUBLICATION, DISTRIBUTION, ETC. (IMPRINT) | |
| Place of publication, distribution, etc | [Singapore] : |
| Name of publisher, distributor, etc | McGraw-Hill/Irwin |
| Date of publication, distribution, etc | 1989 |
| 300 ## - PHYSICAL DESCRIPTION | |
| Extent | xvi, 316 pages |
| Dimensions | 22.5 cm. |
| 500 ## - GENERAL NOTE | |
| General note | Include index. |
| 650 ## - SUBJECT ADDED ENTRY--TOPICAL TERM | |
| Topical term or geographic name as entry element | Organizational change. |
| Withdrawn status | Lost status | Damaged status | Home library | Current library | Shelving location | Date acquired | Total Checkouts | Full call number | Barcode | Date last seen | Price effective from | Koha item type |
|---|---|---|---|---|---|---|---|---|---|---|---|---|
| Southville International School Affiliated with Foreign Universities Library | Southville International School Affiliated with Foreign Universities Library | Southville Foreign University Section | 01/10/2020 | HD 58.8 .D925 1989 | SFU1588 | 01/10/2020 | 01/10/2020 | Books |